Cleaning historic buildings. Volume 1: Substrates, soiling and investigations. (Record no. 92116)

MARC details
000 -LEADER
fixed length control field 00806cam a2200229 4500
008 - FIXED-LENGTH DATA ELEMENTS--GENERAL INFORMATION
fixed length control field 090401t1994 xxu||||| |||| 00| 0 eng d
020 ## - INTERNATIONAL STANDARD BOOK NUMBER
International Standard Book Number 1873394012
035 ## - SYSTEM CONTROL NUMBER
System control number (Sirsi) u47395
041 ## - LANGUAGE CODE
Language code of text/sound track or separate title eng
050 ## - LIBRARY OF CONGRESS CALL NUMBER
Classification number 690.241
100 ## - MAIN ENTRY--PERSONAL NAME
Personal name Ashurst, Nicola
245 ## - TITLE STATEMENT
Title Cleaning historic buildings. Volume 1: Substrates, soiling and investigations.
260 ## - PUBLICATION, DISTRIBUTION, ETC.
Place of publication, distribution, etc. London
Name of publisher, distributor, etc. Donhead Publishing Ltd.
Date of publication, distribution, etc. 1994
300 ## - PHYSICAL DESCRIPTION
Extent xiv,248p. : ill. ; 25cm.
350 ## - PRICE (NR) (BK AM CF MU VM SE) [OBSOLETE]
Price 58
520 ## - SUMMARY, ETC.
Summary, etc. Volume 1 of a two volume work, which looks at the reasons for cleaning historic buildings, the methods and materials used and their effects on the fabric of the buildings. Includes case studies.
650 ## - SUBJECT ADDED ENTRY--TOPICAL TERM
Topical term or geographic name entry element CLEANING MATERIALS
650 ## - SUBJECT ADDED ENTRY--TOPICAL TERM
Topical term or geographic name entry element HISTORIC BUILDINGS
690 ## - LOCAL SUBJECT ADDED ENTRY--TOPICAL TERM (OCLC, RLIN)
Topical term or geographic name as entry element CONSERVATION
942 ## - ADDED ENTRY ELEMENTS (KOHA)
Suppress in OPAC 0
948 ## - LOCAL PROCESSING INFORMATION (OCLC); SERIES PART DESIGNATOR (RLIN)
c (OCLC) 04/03/1997
Holdings
Withdrawn status Lost status Source of classification or shelving scheme Damaged status Not for loan Home library Current library Shelving location Date acquired Cost, normal purchase price Total Checkouts Full call number Barcode Date last seen Date last checked out Copy number Cost, replacement price Price effective from Koha item type
    Dewey Decimal Classification     London London Books 14/10/1994 58.00 20 690.241 30042786 06/08/2019 02/10/2009 1 58.00 06/08/2019 Book